000
00290nam a22001217a 4500
003
SGT
082
_a
616.89
_b
P07S
100
_a
SHAH, ANISHA
245
_a
PSYCHOLOGICAL RESEARCH IN MENTAL HEALTH AND NEUROSCIENCE
260
_a
INDIA
_b
NIMHANS
_c
2007
300
_a
401
942
_2
ddc
_c
BK
_0
2
999
_c
15093
_d
15093